00780nam a2200205 a 450000100100000000500170001000800410002702000150006804000250008308200150010824501220012326000530024530000270029859000260032570000310035170000260038270000360040895201130044499900170055700004652820201002052933.0150824s2004 dr a 000 0 spa d a9993491748 aDO-SdBNPbspacBNPHU axxxxbxxxx00aCaligrafía cursiva 1 /ccorrección de textos María E. Gallgos, Néstor Leal ; ilustraciones Alejandro Juzgado. aSanto Domingo :aActualidad Escolar 2000,cs. f. a31 p. :bil. ;c28 cm. aInventariado, 2018/LP1 aGallgos, María E.9745151 aLeal, Néstor9745161 aJuzgado, Alejandro,eil.974437 0010718PDaPDbPDcHDd2015-08-24iLF1l0oxxxx xxxxp46528-10r2020-06-25w2020-06-25yLFPDZNo se presta c46017d46017